Millet Producing Countries Quiz Stats

Quiz not verified by Sporcle

Challenge
Share
Tweet
Embed
Score 0/20 Timer 04:00
0 Plays Today
Rank Country % Correct
1India
94.2%
5China
94.2%
14United States of America
82.6%
12Pakistan
78.3%
2Nigeria
76.8%
3Niger
76.8%
11Sudan
69.6%
16Tanzania
68.1%
17Ghana
68.1%
20Russia
68.1%
Rank Country % Correct
4Mali
66.7%
9Chad
66.7%
10Ethiopia
66.7%
7Uganda
63.8%
8Senegal
60.9%
6Burkina Faso
59.4%
15Guinea
56.5%
19Gambia
49.3%
13Nepal
36.2%
18Myanmar
34.8%

You're not logged in!

Compare scores with friends on all Sporcle quizzes.
Sign Up with Email
OR
Log In

You Might Also Like...

Show Comments

Extras

Top Quizzes Today


Score Distribution

Your Account Isn't Verified!

In order to create a playlist on Sporcle, you need to verify the email address you used during registration. Go to your Sporcle Settings to finish the process.

Report this User

Report this user for behavior that violates our Community Guidelines.

Details: